ਆਜ ਸੁਨ ਹੀ ਲੀਜੀਏ / (Record no. 80892)
[ view plain ]
| 000 -LEADER | |
|---|---|
| fixed length control field | 01138nam a22002777a 4500 |
| 005 - DATE AND TIME OF LATEST TRANSACTION | |
| control field | 20180209122457.0 |
| 008 - FIXED-LENGTH DATA ELEMENTS--GENERAL INFORMATION | |
| fixed length control field | 131126b xxu||||| |||| 00| 0 eng d |
| 010 ## - LCCN (DPL NO) | |
| LC control number | PUN-7726 B-577423-426 B-669858 |
| 020 ## - INTERNATIONAL STANDARD BOOK NUMBER | |
| Terms of availability | 275.00 |
| 035 ## - SYSTEM CONTROL NUMBER | |
| System control number | PN-6844 B-577423-426 |
| 035 ## - SYSTEM CONTROL NUMBER | |
| System control number | B-669858 |
| 037 ## - SOURCE OF ACQUISITION | |
| Source of stock number/acquisition | DBAD / PUB |
| 037 ## - SOURCE OF ACQUISITION | |
| Source of stock number/acquisition | Arsee Publishers |
| 037 ## - SOURCE OF ACQUISITION | |
| Source of stock number/acquisition | star publications/ven |
| 040 ## - CATALOGING SOURCE | |
| Original cataloging agency | dpl |
| Language of cataloging | pn |
| 082 ## - DEWEY DECIMAL CLASSIFICATION NUMBER | |
| Classification number | 921 |
| 100 ## - MAIN ENTRY--PERSONAL NAME | |
| Personal name | ਸਵਰਨ ਚੰਦਨ |
| 245 ## - TITLE STATEMENT | |
| Title | ਆਜ ਸੁਨ ਹੀ ਲੀਜੀਏ / |
| Statement of responsibility, etc | ਸਵਰਨ ਚੰਦਨ |
| 246 ## - VARYING FORM OF TITLE | |
| Title proper/short title | Aaj sun hi lijiye |
| Remainder of title | by Swarn Chandan |
| 260 ## - PUBLICATION, DISTRIBUTION, ETC. (IMPRINT) | |
| Place of publication, distribution, etc | Delhi |
| Name of publisher, distributor, etc | Arsee Publishers |
| Date of publication, distribution, etc | 2012 |
| 270 ## - ADDRESS | |
| City | Delhi |
| Address | Chandni Chowk |
| Telephone number | 011-65966481 |
| 300 4# - PHYSICAL DESCRIPTION | |
| Extent | 182p. |
| Dimensions | 22ਸੇਂਮੀ (ਸਜਿਲੱਦ) |
| 942 ## - ADDED ENTRY ELEMENTS (KOHA) | |
| Source of classification or shelving scheme | Dewey Decimal Classification |
| Item type | Punjabi Bks |
| Classification part | 921 |
| Call number suffix | ਸਵਰ |
| Withdrawn status | Lost status | Source of classification or shelving scheme | Damaged status | Not for loan | Collection code | Home library | Current library | Date acquired | Source of acquisition | Cost, normal purchase price | Total Checkouts | Full call number | Barcode | Date last seen | Copy number | Cost, replacement price | Koha item type |
|---|---|---|---|---|---|---|---|---|---|---|---|---|---|---|---|---|---|
| Dewey Decimal Classification | Non-fiction | Ashok Vihar | Ashok Vihar | 31/01/2018 | BPPD/SP/2256/27.2.2017/AV/16-17/16.2.2017/24.3.2017 | 275.00 | 921 ਸਵਰ | B-669858 | 31/01/2018 | 1 | 275.00 | Punjabi Bks | |||||
| Dewey Decimal Classification | Non-fiction | Central Library | Central Library | 29/10/2014 | BPPD/164/27.8.14/3624/4.9.14/8.10.14 | 275.00 | 921 ਸਵਰ | B-577423 | 29/10/2014 | 1 | 275.00 | Punjabi Bks | |||||
| Dewey Decimal Classification | Non-fiction | D.B.Act.Division | D.B.Act.Division | 27/11/2013 | DBAD | 275.00 | 921 ਸਵਰ | PN-6844 | 27/11/2013 | 1 | 275.00 | Punjabi Bks | |||||
| Dewey Decimal Classification | Non-fiction | Janak Puri | Janak Puri | 29/10/2014 | BPPD/164/27.8.14/3624/4.9.14/8.10.14 | 275.00 | 921 ਸਵਰ | B-577425 | 29/10/2014 | 1 | 275.00 | Punjabi Bks | |||||
| Dewey Decimal Classification | Non-fiction | Patel Nagar | Patel Nagar | 29/10/2014 | BPPD/164/27.8.14/3624/4.9.14/8.10.14 | 275.00 | 921 ਸਵਰ | B-577424 | 29/10/2014 | 1 | 275.00 | Punjabi Bks | |||||
| Dewey Decimal Classification | Non-fiction | Vinoba Puri | Vinoba Puri | 29/10/2014 | BPPD/164/27.8.14/3624/4.9.14/8.10.14 | 275.00 | 921 ਸਵਰ | B-577426 | 29/10/2014 | 1 | 275.00 | Punjabi Bks |
